Tropical forest : Source of energy through optimisaton and diversification :

Bibliographic Details
Corporate Author: INTERNATIONAL Forestry Seminar
Other Authors: SRIVASTAVA
Format: Book
Published: Serdang, Selangor : Penerbit UPM , 1982
Subjects:

MARC

LEADER 00000cam a2200000 7i4500
001 0000000870
005 20001018.0
090 0 0 |a 333.75   |b INT 1982 
110 1 0 |a INTERNATIONAL Forestry Seminar   |k 1980   |j Serdang 
245 1 0 |a Tropical forest :   |b Source of energy through optimisaton and diversification :   |b proceedings ...   |c edited by P. B. L. Srivastava 
260 0 0 |a Serdang, Selangor :   |b Penerbit UPM ,   |c 1982 
300 |a 397 p. ;   |c 25 cm. 
650 0 0 |a Forests and forestry   |x Economic aspects   |x Congresses 
650 0 0 |a Rain forest   |x Congresses 
700 0 1 |a SRIVASTAVA   |h Prem B. L. 
999 |a 0000001855   |b Monograph   |c Open Shelf   |e Default branch